Những tư tưởng cơ bản của Hêghen về lôgíc học với tính cách là lôgíc biện chứng /
Đã lưu trong:
| Hovedforfatter: | |
|---|---|
| Format: | Bài viết |
| Sprog: | Vietnamese |
| Fag: | |
| Tags: |
Tilføj Tag
Ingen Tags, Vær først til at tagge denne postø!
|
| Thư viện lưu trữ: | Thư viện Trường Đại học Đà Lạt |
|---|
| LEADER | 00933nam a2200325 4500 | ||
|---|---|---|---|
| 001 | DLU060057052 | ||
| 040 | # | # | |a DLU |b vie |
| 041 | # | # | |a vie |
| 044 | # | # | |a vn |
| 100 | # | # | |a Nguyễn Đình Tường. |
| 245 | # | # | |a Những tư tưởng cơ bản của Hêghen về lôgíc học với tính cách là lôgíc biện chứng / |c Nguyễn Đình Tường. |
| 653 | # | # | |a Hêghen,V.P |
| 653 | # | # | |a Hegel, V.P |
| 653 | # | # | |a Lôgic |
| 653 | # | # | |a Phép biện chứng |
| 653 | # | # | |a Tư tưởng |
| 653 | # | # | |a Triết học |
| 773 | # | # | |t Khoa học xã hội Việt Nam |g Số 3, 2006, tr. 61-68 |
| 920 | # | # | |a Phòng Tạp chí -- Trung tâm Thông tin - Thư viện Trường Đại học Đà Lạt |
| 933 | # | # | |a LS |
| 933 | # | # | |a ML |
| 994 | # | # | |a DLU |
| 900 | # | # | |a True |
| 911 | # | # | |a Nguyễn Thị Minh Cầm |
| 925 | # | # | |a G |
| 926 | # | # | |a A |
| 927 | # | # | |a BB |
| 980 | # | # | |a Thư viện Trường Đại học Đà Lạt |